Statistics for History Analogies #3

Click here to take the quiz!

General Stats

  • This quiz has been taken 29,403 times
  • The average score is 12 of 20

Answer Stats

This is to this … As … % Correct
Ho Chi Minh City is
to Saigon
{New} {York} is
to New Amsterdam
88%
Mohandas is to GandhiNapoleon is to {Bonaparte}
82%
St. Mark is to VeniceSt. Peter is to {Rome}
79%
Roosevelt is to TrumanKennedy is to {Johnson}
70%
MLK is to MemphisJFK is to {Dallas}
69%
Habsburg is to ViennaMedici is to {Florence}
67%
Dubya is to BushIke is to {Eisenhower}
64%
Blitz is to LightningKrieg is to {War}
64%
Roman Empire is to LatinByzantine Empire is to {Greek}
59%
Rumble is to JungleThrilla is to {Manila}
55%
Whig is to Liberal{Tory} is to Conservative
53%
Dodo is to MauritiusMoa is to {New} {Zealand}
53%
Hadrian is to RomeNebuchadnezzar is to
{Babylon}
51%
1950s is to Beatnik1960s is to {Hippie}
50%
The First Intifada is
to Palestine
The Troubles are
to {Northern} {Ireland}
50%
Barley is to Ale{Honey} is to Mead
49%
Georgian is to VictorianVictorian is to {Edwardian}
48%
Lira is to ItalyGuilder is to {Netherlands}
46%
Denis Diderot is to
Encyclopedia
Samuel Johnson is to
{Dictionary}
43%
Eva Braun is to CyanideSocrates is to {Hemlock}
43%

Score Distribution

Percentile by Number Answered

Percent of People with Each Score

Your Score History

You have not taken this quiz